The Stamp atlas

Bibliographic Details
Main Author: Rossiter, Stuart
Other Authors: Flower, John
Format: Book
Published: London : Macdonald & Co.(Publishers) Ltd. , 1991
Subjects:

MARC

LEADER 00000cam a2200000 7i4500
001 0000002179
002 000002376
005 20000330.0
020 |a 0748103090 
090 0 0 |a 769.560223   |b ROS 
100 1 |a Rossiter, Stuart 
245 1 4 |a The Stamp atlas   |c Stuart Rossiter 
260 |a London :   |b Macdonald & Co.(Publishers) Ltd. ,   |c 1991 
300 |a 336p. ;   |c 26cm. 
650 0 0 |a Postage stamps   |x Atlases 
700 1 |a Flower, John 
999 |a 028001   |b BUKU   |c RUJUKAN   |e PERPUSTAKAAN KOMUNITI PETALING JAYA